Tuyển tập tác phẩm văn học Nguyễn Đình Thi: Truyện

Uloženo v:
Podrobná bibliografie
Hlavní autor: Nguyễn Đình Thi
Médium: Kniha
Jazyk:Undetermined
Vydáno: Hà Nội Văn Học 2001
Témata:
Tagy: Přidat tag
Žádné tagy, Buďte první, kdo otaguje tento záznam!
Thư viện lưu trữ: Trung tâm Học liệu Trường Đại học Cần Thơ
LEADER 00536nam a2200169Ia 4500
001 CTU_44243
008 210402s9999 xx 000 0 und d
082 |a 895.9223008 
082 |b Th300t 
100 |a Nguyễn Đình Thi 
245 0 |a Tuyển tập tác phẩm văn học Nguyễn Đình Thi: Truyện 
245 0 |c Nguyễn Đình Thi 
260 |a Hà Nội 
260 |b Văn Học 
260 |c 2001 
650 |a vietnamese fiction - collections 
980 |a Trung tâm Học liệu Trường Đại học Cần Thơ